Statistics for ALL Lorde Songs

Click here to take the quiz!

General Stats

  • This quiz has been taken 1,021 times
  • The average score is 28 of 52

Answer Stats

AlbumTrack #Answer% Correct
Pure Heroine3Royals
94%
Solar Power2Solar Power
90%
Melodrama1Green Light
87%
Pure Heroine4Ribs
83%
Melodrama5Liability
80%
Melodrama7Sober II (Melodrama)
80%
Pure Heroine6Team
80%
Pure Heroine1Tennis Court
79%
Melodrama2Sober
78%
Melodrama11Perfect Places
73%
Melodrama9Supercut
72%
Melodrama3Homemade Dynamite
71%
Collaborations/Features2017Homemade Dynamite (with SZA, Post Malone & Khalid)
71%
Melodrama4The Louvre
71%
Melodrama8Writer in the Dark
68%
Pure Heroine5Buzzcut Season
67%
Solar Power4Stoned at the Nail Salon
67%
Melodrama6Hard Feelings/Loveless
64%
Solar Power11Mood Ring
64%
Pure Heroine9White Teeth Teens
63%
Pure Heroine2400 Lux
62%
Pure Heroine (Extended)14The Love Club
59%
Solar Power1The Path
59%
Pure Heroine10A World Alone
57%
Melodrama10Liability (Reprise)
57%
Solar Power3California
56%
Pure Heroine7Glory and Gore
56%
Solar Power12Oceanic Feeling
55%
Solar Power6Secrets from a Girl (Who's Seen It All)
54%
Solar Power (Deluxe)13Helen of Troy
51%
Singles/Other2014Flicker (Kanye West Rework)
50%
Solar Power5Fallen Fruit
48%
Solar Power7The Man with the Axe
48%
Pure Heroine (Extended)12Bravado
46%
Solar Power9Big Star
45%
Solar Power8Dominoes
44%
Singles/Other2014Yellow Flicker Beat
43%
Pure Heroine8Still Sane
41%
Solar Power (Deluxe)14Hold No Grudge
39%
Pure Heroine (Extended)13Million Dollar Bills
39%
Solar Power10Leader of a New Regime
38%
Singles/Other2013Everybody Wants to Rule the World
34%
Pure Heroine (Extended)15Biting Down
33%
Pure Heroine (Extended)16Swingin Party
33%
Collaborations/Features2015Magnets (with Disclosure)
32%
Pure Heroine (Extended)11No Better
30%
Collaborations/Features2017Don't Take the Money (with Bleachers)
16%
Singles/Other2014Ladder Song
16%
Collaborations/Features2014Meltdown (with Stromae, Pusha T, Q-Tip & HAIM)
15%
Background Vocals2021Blouse (with Clario)
8%
Collaborations/Features2014Easy (Switch Screens) (with Son Lux)
8%
Background Vocals2021Reaper (with Clairo)
5%

Score Distribution

Percentile by Number Answered

Percent of People with Each Score

Your Score History

You have not taken this quiz